beneral knowledge #3 - Statistics

General Stats
  • This quiz has been taken 10 times
  • The average score is 6 of 20
Answer Stats
Hint Answer % Correct
What's either the name for the head of a committee or a thing you can sit on?? Chair
71%
Name one of the two countries engulfed by South Africa Eswatini | Lesotho
57%
A group of crows is called a ______ murder
57%
What is the capital of North Macedonia? Skopje
57%
What year the the Nintendo Entertainment System release in the west? 1986
43%
Who's the lead of the hit TV drama Breaking Bad? Bryan Cranston
43%
A male goose is called a...? gander
43%
What is the smallest instrument in a traditional orchestra? piccolo
43%
Who's that animal that says "It's grrreat!!" Tony the Tiger
43%
Kosovo is a small European country that was formerly a part of which Balkan federation? Yugoslavia
43%
Besides being a clown, John Wayne Gacy was known for being a ______. serial killer
29%
What is the derivative of the year Columbus sailed the ocean blue? 0
14%
Andrew Johnson
14%
Which cool guy had a bunch of finches with a lotta different beaks? Charles Darwin
14%
Which movie franchise of over 70 years of age finally won its first Oscar ever in 2024? Godzilla
14%
Name the presidents on either side of Lincoln - often considered the two worst in history James Buchanan
14%
While there aren't any special terms for male or female beavers, baby beavers are called _____ kits
14%
What's the name of the period that predates the Triassic and ended with an extinction that ended 90% of life on Earth? Permian
14%
What was the name of Atari's handheld console released in 1989? Atari Lynx
0%
What's the name of the German existentialist author born in 1883 who was also mentioned briefly in an episode of Breaking Bad? Franz Kafka
0%
No matching quizzes found
Score Distribution
Percent of People with Each Score
Percentile by Number Answered
Your Score History
You have not taken this quiz